[Event "FIDE World Rapid-ch Open 2018"]
[White "Indjic, Aleksandar"]
[Black "Aronian, Levon"]
[Site "St. Petersburg"]
[Round "13.47"]
[Annotator "TA"]
[Result "1-0"]
[Date "2018.12.28"]
[WhiteElo "2620"]
[BlackElo "2765"]
[PlyCount "85"]

1. d4 {} Nf6 2. c4 e6 3. Nf3 d5 4. Nc3 a6 5. c5 (5. cxd5 exd5 6. Bg5 Be6 7. e3 Nbd7 8. Bd3 h6 9. Bf4 g5 10. Bg3 Nh5 11. Be5 Nhf6 12. Bg3 Nh5 13. Qb3 Nxg3 14. hxg3 {1/2-1/2 (48) Karjakin,S (2773)-Caruana,F (2822) Saint
Louis 2018} )Nc6 6. Bf4 {D37: Queen's Gambit Declined: 5 Bf4} Be7 7. e3 {
 LiveBook: 3 Games} Nh5 8. h4 $146 {White is
slightly better.} ({Predecessor:} 8. Be5 0-0 9. Bd3 Nxe5 10. Nxe5 Nf6 11. f4 Nd7 12. Nf3 f5 13. 0-0 Nf6 {0-1 (36) Mekhitarian,K (2531)-Dimitrov,R (2428)
Golden Sands 2012} )Nxf4 9. exf4 b6 10. cxb6 cxb6 11. Bd3 Bb7 12. g3 Bf6 13. Ne2 Qd6 14. Kf1 Nb4 15. Bb1 a5 16. a3 Nc6 17. Bd3 h5 18. Kg2 g6 19. Nc3 Kf8 20. Nb5 Qd8 21. Rc1 Kg7 22. Rc3 Na7 23. Nxa7 Rxa7 24. Qc2 {Hoping for Rc7.} Bc8 25. Bb5 Bd7 26. Bxd7 Qxd7 27. Rc1 b5 28. Rc6 Rb8 29. b3 Qe7 30. Rc5 Qf8 31. Ne5 $36 { White has the initiative.} Be7 ({Black should play} 31... Rba8 $14 )32. Nc6 $16 { [#] Double Attack} Bxc5 33. dxc5 {} Raa8 34. Nxb8 Qxb8 { Endgame KQR-KQR} 35. c6 {
Black must now prevent c7.} Qc7 (35... Qb6 $16 )36. Qc3+ $18 Kg8 37. Qc5 Rb8 38. b4 a4 39. Kf3 e5 $2 {[#]} (39... Kg7 $16 40. Qe3 Kf8 )40. Qxd5 {White is
clearly winning.} Rd8 41. Qxe5 Qc8 42. Kg2 Re8 43. Qxb5 {Accuracy: White = 78%,
Black = 27%.} 1-0

[Event "FIDE World Rapid-ch Open 2018"]
[White "Sjugirov, Sanan"]
[Black "Tregubov, Pavel V."]
[Site "St. Petersburg"]
[Round "13.48"]
[Annotator "ChessBase"]
[Result "1-0"]
[Date "2018.12.28"]
[WhiteElo "2663"]
[BlackElo "2592"]
[PlyCount "75"]
[TimeControl "900+10"]

1. d4 {[%emt 0:0:0]} Nf6 {[%emt 0:0:0]} 2. c4 {[%emt 0:0:0]} e6 {[%emt 0:0:0]} 3. Nc3 {[%emt 0:0:0]} Bb4 {[%emt 0:0:0]} 4. Qc2 {[%emt 0:0:0]} c5 {[%emt 0:0:0]} 5. dxc5 {[%emt 0:0:0]} 0-0 {[%emt 0:0:0]} 6. a3 {[%emt 0:0:0]} Bxc5 {[%emt 0:0:0]} 7. Nf3 {[%emt 0:0:9]} b6 {[%emt 0:0:1]} 8. e4 {[%emt 0:2:4]} Ng4 {[%emt 0:1:47]} 9. b4 {[%emt 0:1:17]} Bxf2+ {[%emt 0:0:0]} 10. Ke2 {[%emt 0:0:2]} Bh4 {[%emt 0:0:8]} 11. h3 {[%emt 0:0:56]} Nf2 {[%emt 0:0:13]} 12. Rg1 {[%emt 0:0:4]} f5 {[%emt 0:2:27]} 13. Be3 {[%emt 0:0:0]} Bb7 {[%emt 0:1:34]} 14. Nxh4 {[%emt 0:1:1]} Nxe4 {[%emt 0:0:20]} 15. Nf3 {[%emt 0:0:3]} Qf6 {[%emt 0:3:19]} 16. Rc1 {[%emt 0:0:16]} d6 {[%emt 0:0:2]
} 17. Ke1 {[%emt 0:0:46]} Nd7 {[%emt 0:0:51]} 18. Bd3 {[%emt 0:0:0]} Nxc3 {[%emt 0:1:33]} 19. Qxc3 {[%emt 0:0:2]} e5 {[%emt 0:0:1]} 20. Be2 {[%emt 0:0:45]} Rac8 {[%emt 0:0:36]} 21. Qb2 {[%emt 0:1:44]} f4 {[%emt 0:0:4]
} 22. Bf2 {[%emt 0:0:2]} d5 {[%emt 0:0:37]} 23. cxd5 {[%emt 0:0:0]} e4 {[%emt 0:0:50]} 24. Bd4 {[%emt 0:0:4]} Rxc1+ {[%emt 0:0:16]} 25. Qxc1 {[%emt 0:0:2]} Qd6 {[%emt 0:1:17]} 26. Nd2 {[%emt 0:1:9]} Rc8 {[%emt 0:0:36]
} 27. Qb2 {[%emt 0:0:6]} Qg6 {[%emt 0:0:12]} 28. Bg4 {[%emt 0:0:0]} e3 {[%emt 0:0:3]} 29. Be6+ {[%emt 0:0:49]} Kf8 {[%emt 0:0:19]} 30. Kd1 {[%emt 0:1:5]} Qd3 {[%emt 0:0:8]} 31. Bxd7 {[%emt 0:0:16]} e2+ {[%emt 0:0:6]
} 32. Ke1 {[%emt 0:0:1]} Rc2 {[%emt 0:0:13]} 33. Bxg7+ {[%emt 0:0:3]
} Ke7 {[%emt 0:0:1]} 34. Qf6+ {[%emt 0:0:4]} Kxd7 {[%emt 0:0:0]} 35. Qe6+ {[%emt 0:0:10]} Kd8 {[%emt 0:0:9]} 36. Bf6+ {[%emt 0:0:4]
} Kc7 {[%emt 0:0:1]} 37. Qe5+ {[%emt 0:0:15]} Kd7 {[%emt 0:0:8]} 38. Qe7+ {[%emt 0:0:1]} 1-0

[Event "FIDE World Rapid-ch Open 2018"]
[White "Bocharov, Dmitry"]
[Black "Popov, Ivan"]
[Site "St. Petersburg"]
[Round "13.49"]
[Annotator "ChessBase"]
[Result "1-0"]
[Date "2018.12.28"]
[WhiteElo "2533"]
[BlackElo "2592"]
[PlyCount "123"]
[TimeControl "900+10"]

1. Nf3 {[%emt 0:0:0]} d5 {[%emt 0:0:0]} 2. e3 {[%emt 0:0:0]} Nf6 {[%emt 0:0:0]
} 3. c4 {[%emt 0:0:0]} dxc4 {[%emt 0:0:0]} 4. Bxc4 {[%emt 0:0:0]} c5 {[%emt 0:0:0]} 5. 0-0 {[%emt 0:0:14]} e6 {[%emt 0:0:40]} 6. Qe2 {[%emt 0:0:8]} Nc6 {[%emt 0:0:7]} 7. Rd1 {[%emt 0:0:6]} a6 {[%emt 0:0:0]} 8. a3 {[%emt 0:2:32]} b5 {[%emt 0:0:28]} 9. Ba2 {[%emt 0:0:3]} Be7 {[%emt 0:1:53]
} 10. d4 {[%emt 0:0:20]} cxd4 {[%emt 0:0:2]} 11. exd4 {[%emt 0:0:28]
} 0-0 {[%emt 0:0:3]} 12. Nc3 {[%emt 0:0:3]} b4 {[%emt 0:0:0]} 13. d5 {[%emt 0:3:12]} bxc3 {[%emt 0:0:44]} 14. dxc6 {[%emt 0:0:18]} Qc7 {[%emt 0:4:32]} 15. Qc4 {[%emt 0:1:53]} Nd5 {[%emt 0:0:4]} 16. bxc3 {[%emt 0:0:58]
} a5 {[%emt 0:0:2]} 17. Bd2 {[%emt 0:2:33]} Ba6 {[%emt 0:0:0]} 18. Qa4 {[%emt 0:0:16]} Be2 {[%emt 0:0:46]} 19. Rdb1 {[%emt 0:0:16]} Bxf3 {[%emt 0:0:9]} 20. gxf3 {[%emt 0:0:3]} Bf6 {[%emt 0:3:43]} 21. Bxd5 {[%emt 0:1:16]
} exd5 {[%emt 0:0:2]} 22. Rb7 {[%emt 0:0:4]} Qd6 {[%emt 0:0:0]} 23. Rd7 {[%emt 0:0:16]} Qc5 {[%emt 0:0:32]} 24. Be3 {[%emt 0:0:23]} Qxc3 {[%emt 0:0:3]} 25. Rc1 {[%emt 0:0:2]} Qd3 {[%emt 0:0:18]} 26. Qd1 {[%emt 0:0:59]
} Qg6+ {[%emt 0:1:2]} 27. Kh1 {[%emt 0:0:4]} Bb2 {[%emt 0:0:0]} 28. Rc2 {[%emt 0:0:45]} Bxa3 {[%emt 0:0:2]} 29. c7 {[%emt 0:0:24]} Rac8 {[%emt 0:0:11]} 30. Rxd5 {[%emt 0:0:21]} Be7 {[%emt 0:1:48]} 31. Rxa5 {[%emt 0:0:13]
} h6 {[%emt 0:0:21]} 32. Rd5 {[%emt 0:0:12]} Qf6 {[%emt 0:0:0]} 33. Rd7 {[%emt 0:0:15]} Rfe8 {[%emt 0:0:12]} 34. Qd5 {[%emt 0:0:18]} Qa6 {[%emt 0:0:19]} 35. Qc4 {[%emt 0:0:35]} Qf6 {[%emt 0:0:10]} 36. Qc6 {[%emt 0:0:37]
} Qf5 {[%emt 0:0:20]} 37. Kg2 {[%emt 0:0:26]} Bf6 {[%emt 0:0:0]} 38. Rc4 {[%emt 0:0:9]} h5 {[%emt 0:0:25]} 39. Qd5 {[%emt 0:0:22]} Qg6+ {[%emt 0:0:4]} 40. Kh3 {[%emt 0:0:8]} Re5 {[%emt 0:0:23]} 41. Qd3 {[%emt 0:0:10]
} Rf5 {[%emt 0:0:11]} 42. Qe4 {[%emt 0:0:14]} Kh7 {[%emt 0:0:0]} 43. Rc5 {[%emt 0:0:5]} Rxc5 {[%emt 0:0:7]} 44. Bxc5 {[%emt 0:0:10]} Qxe4 {[%emt 0:0:17]} 45. fxe4 {[%emt 0:0:1]} Be5 {[%emt 0:0:4]} 46. Bb6 {[%emt 0:0:11]
} Kg6 {[%emt 0:0:1]} 47. Rd8 {[%emt 0:0:12]} Rxc7 {[%emt 0:0:0]} 48. Bxc7 {[%emt 0:0:2]} Bxc7 {[%emt 0:0:1]} 49. Rd5 {[%emt 0:0:7]} f6 {[%emt 0:0:14]} 50. Rf5 {[%emt 0:0:19]} Kh6 {[%emt 0:0:13]} 51. f4 {[%emt 0:0:18]
} Bb6 {[%emt 0:0:25]} 52. Kg3 {[%emt 0:0:11]} Bd4 {[%emt 0:0:0]} 53. Rd5 {[%emt 0:0:8]} Ba7 {[%emt 0:0:12]} 54. Kf3 {[%emt 0:0:9]} Kg6 {[%emt 0:0:8]} 55. Rd6 {[%emt 0:0:15]} Bc5 {[%emt 0:0:13]} 56. Rc6 {[%emt 0:0:2]
} Be7 {[%emt 0:0:9]} 57. h3 {[%emt 0:0:11]} Bb4 {[%emt 0:0:0]} 58. Rc8 {[%emt 0:0:10]} Bd2 {[%emt 0:0:5]} 59. Rh8 {[%emt 0:0:7]} Be1 {[%emt 0:0:13]} 60. f5+ {[%emt 0:0:16]} Kf7 {[%emt 0:0:4]} 61. Rxh5 {[%emt 0:0:13]
} Kg8 {[%emt 0:0:9]} 62. Kg2 {[%emt 0:0:3]} 1-0

[Event "FIDE World Rapid-ch Open 2018"]
[White "Melkumyan, Hrant"]
[Black "Sokolin, Leonid"]
[Site "St. Petersburg"]
[Round "13.50"]
[Annotator "ChessBase"]
[Result "1-0"]
[Date "2018.12.28"]
[WhiteElo "2670"]
[BlackElo "2508"]
[PlyCount "159"]
[TimeControl "900+10"]

1. e4 {[%emt 0:0:0]} e6 {[%emt 0:0:0]} 2. d4 {[%emt 0:0:0]} d5 {[%emt 0:0:0]} 3. Bd3 {[%emt 0:0:0]} dxe4 {[%emt 0:0:4]} 4. Bxe4 {[%emt 0:0:0]} Nf6 {[%emt 0:0:6]} 5. Bf3 {[%emt 0:0:0]} Nbd7 {[%emt 0:0:9]} 6. Nc3 {[%emt 0:0:55]
} Bb4 {[%emt 0:0:48]} 7. Nge2 {[%emt 0:0:5]} e5 {[%emt 0:0:0]} 8. 0-0 {[%emt 0:1:36]} 0-0 {[%emt 0:0:47]} 9. Bg5 {[%emt 0:0:11]} Be7 {[%emt 0:1:31]
} 10. Ng3 {[%emt 0:1:3]} h6 {[%emt 0:0:54]} 11. Be3 {[%emt 0:0:0]} Re8 {[%emt 0:0:24]} 12. Re1 {[%emt 0:1:42]} Bb4 {[%emt 0:0:35]} 13. Qd3 {[%emt 0:1:39]} c6 {[%emt 0:0:48]} 14. a3 {[%emt 0:1:14]} Bxc3 {[%emt 0:0:0]} 15. bxc3 {[%emt 0:0:26]} Qa5 {[%emt 0:0:37]} 16. Bd2 {[%emt 0:0:27]} Qc7 {[%emt 0:3:40]} 17. h3 {[%emt 0:1:1]} b6 {[%emt 0:0:20]} 18. Ne4 {[%emt 0:2:1]
} Nxe4 {[%emt 0:0:34]} 19. Bxe4 {[%emt 0:0:1]} Bb7 {[%emt 0:0:0]} 20. Qg3 {[%emt 0:0:44]} Kh8 {[%emt 0:0:42]} 21. Bf5 {[%emt 0:1:23]} Rad8 {[%emt 0:0:35]} 22. Re4 {[%emt 0:0:21]} Qd6 {[%emt 0:0:39]} 23. Rh4 {[%emt 0:0:18]
} Qf6 {[%emt 0:0:12]} 24. Be4 {[%emt 0:0:42]} exd4 {[%emt 0:0:0]} 25. Bg5 {[%emt 0:0:15]} Qe5 {[%emt 0:0:20]} 26. Bxd8 {[%emt 0:0:42]} Qxg3 {[%emt 0:0:1]} 27. fxg3 {[%emt 0:0:3]} Rxd8 {[%emt 0:0:0]} 28. cxd4 {[%emt 0:0:8]} Nf6 {[%emt 0:0:5]} 29. Rf4 {[%emt 0:0:29]} Rxd4 {[%emt 0:0:0]} 30. Bf3 {[%emt 0:0:10]} Rd2 {[%emt 0:0:4]} 31. Re1 {[%emt 0:0:7]} Rd7 {[%emt 0:1:2]} 32. Ra4 {[%emt 0:0:37]} a6 {[%emt 0:0:7]} 33. c3 {[%emt 0:0:16]
} b5 {[%emt 0:0:27]} 34. Rd4 Rc7 35. Rd8+ {[%emt 0:0:24]} Kh7 {[%emt 0:0:11]
} 36. Rb8 {[%emt 0:0:27]} g6 {[%emt 0:0:3]} 37. c4 {[%emt 0:0:0]} bxc4 {[%emt 0:0:19]} 38. Rc1 {[%emt 0:0:59]} Nd7 39. Rd8 {[%emt 0:0:0]} Ne5 {[%emt 0:0:16]} 40. Be2 {[%emt 0:0:8]} c5 {[%emt 0:0:25]} 41. Bxc4 {[%emt 0:0:3]} Kg7 {[%emt 0:0:7]} 42. Rd6 {[%emt 0:0:9]} a5 {[%emt 0:0:0]} 43. Bd5 {[%emt 0:0:19]} Bc8 {[%emt 0:0:9]} 44. Kh2 {[%emt 0:0:22]} c4 {[%emt 0:0:11]} 45. Rc3 {[%emt 0:0:1]} Rc5 {[%emt 0:0:4]} 46. g4 {[%emt 0:0:0]} Kf8 {[%emt 0:0:8]} 47. Be4 {[%emt 0:0:12]} Be6 {[%emt 0:0:0]} 48. Rb6 {[%emt 0:0:6]} Ke7 {[%emt 0:0:9]} 49. Kg3 {[%emt 0:0:1]} Nd7 {[%emt 0:0:23]
} 50. Ra6 {[%emt 0:0:15]} Kf6 {[%emt 0:0:3]} 51. Kf4 g5+ 52. Ke3 {[%emt 0:0:7]} Ke5 {[%emt 0:0:0]} 53. Bf3 {[%emt 0:0:14]} Nf6 {[%emt 0:0:3]
} 54. Kd2 {[%emt 0:0:24]} Kd4 {[%emt 0:1:16]} 55. Rd6+ {[%emt 0:0:14]
} Nd5 {[%emt 0:0:2]} 56. Bxd5 {[%emt 0:0:7]} Bxd5 {[%emt 0:0:0]} 57. a4 {[%emt 0:0:7]} Rc7 {[%emt 0:0:36]} 58. Rd8 {[%emt 0:0:5]} Rb7 {[%emt 0:0:9]} 59. Rf3 {[%emt 0:0:5]} Rb2+ {[%emt 0:0:13]} 60. Kc1 {[%emt 0:0:1]
} Re2 {[%emt 0:0:38]} 61. Rf5 {[%emt 0:0:11]} Re5 {[%emt 0:0:0]} 62. Rxe5 Kxe5 {[%emt 0:0:1]} 63. Rh8 {[%emt 0:0:38]} Bxg2 {[%emt 0:0:0]} 64. Rxh6 f6 65. h4 {[%emt 0:0:14]} gxh4 {[%emt 0:1:1]} 66. Rxh4 {[%emt 0:0:2]
} Kf4 {[%emt 0:0:24]} 67. g5+ {[%emt 0:0:23]} Kxg5 {[%emt 0:0:0]} 68. Rxc4 {[%emt 0:0:1]} f5 {[%emt 0:0:2]} 69. Kd2 {[%emt 0:0:1]} f4 {[%emt 0:0:20]} 70. Rc5+ {[%emt 0:0:3]} Kg4 {[%emt 0:0:0]} 71. Rxa5 {[%emt 0:0:5]
} Kg3 {[%emt 0:0:8]} 72. Rg5+ {[%emt 0:0:6]} Kf2 {[%emt 0:0:0]} 73. a5 {[%emt 0:0:2]} Bf1 {[%emt 0:0:10]} 74. Rg6 {[%emt 0:0:6]} f3 {[%emt 0:0:32]
} 75. a6 {[%emt 0:0:2]} Bc4 {[%emt 0:0:7]} 76. a7 {[%emt 0:0:0]} Bd5 {[%emt 0:0:0]} 77. Rg8 {[%emt 0:0:11]} Kf1 {[%emt 0:0:31]} 78. a8=Q {[%emt 0:0:3]} Bxa8 {[%emt 0:0:1]} 79. Rxa8 {[%emt 0:0:3]} f2 {[%emt 0:0:1]
} 80. Rf8 {[%emt 0:0:3]} 1-0

[Event "FIDE World Rapid-ch Open 2018"]
[White "Predke, Alexandr"]
[Black "Najer, Evgeniy"]
[Site "St. Petersburg"]
[Round "13.51"]
[Annotator "ChessBase"]
[Result "1-0"]
[Date "2018.12.28"]
[WhiteElo "2622"]
[BlackElo "2670"]
[PlyCount "129"]
[TimeControl "900+10"]

1. e4 {[%emt 0:0:0]} c5 {[%emt 0:0:0]} 2. Nc3 {[%emt 0:0:0]} d6 {[%emt 0:0:0]} 3. Nge2 {[%emt 0:0:0]} Nf6 {[%emt 0:0:16]} 4. g3 {[%emt 0:0:2]} g6 {[%emt 0:0:11]} 5. Bg2 {[%emt 0:0:2]} Bg7 {[%emt 0:0:3]} 6. 0-0 {[%emt 0:0:0]} Nc6 {[%emt 0:0:3]} 7. d3 {[%emt 0:0:2]} 0-0 {[%emt 0:0:20]} 8. f4 {[%emt 0:0:4]} Rb8 {[%emt 0:0:17]} 9. h3 {[%emt 0:0:6]} Ne8 {[%emt 0:0:0]} 10. a4 {[%emt 0:0:24]} f5 {[%emt 0:0:40]} 11. Be3 {[%emt 0:0:14]} Nd4 {[%emt 0:0:9]
} 12. Bf2 {[%emt 0:1:38]} Nxe2+ {[%emt 0:4:10]} 13. Qxe2 {[%emt 0:0:9]
} Nc7 {[%emt 0:0:2]} 14. exf5 {[%emt 0:1:26]} gxf5 {[%emt 0:0:0]} 15. Rae1 {[%emt 0:0:6]} e6 {[%emt 0:0:30]} 16. Kh2 {[%emt 0:3:34]} Bd7 {[%emt 0:0:12]} 17. Qd2 {[%emt 0:0:10]} Bc6 {[%emt 0:0:31]} 18. d4 {[%emt 0:0:21]
} Bxg2 {[%emt 0:0:10]} 19. Kxg2 {[%emt 0:0:3]} b6 {[%emt 0:0:0]} 20. Nb5 {[%emt 0:0:32]} Re8 {[%emt 0:0:45]} 21. Nxa7 {[%emt 0:0:53]} Ra8 {[%emt 0:2:2]} 22. dxc5 {[%emt 0:1:12]} dxc5 {[%emt 0:0:1]} 23. Qxd8 {[%emt 0:0:2]
} Rexd8 {[%emt 0:0:1]} 24. Nb5 {[%emt 0:0:2]} Nxb5 {[%emt 0:0:0]} 25. axb5 {[%emt 0:0:2]} Kf7 {[%emt 0:0:2]} 26. g4 {[%emt 0:3:15]} Rd2 {[%emt 0:0:33]} 27. Kf3 {[%emt 0:3:5]} Rxc2 {[%emt 0:0:30]} 28. Rd1 {[%emt 0:0:1]
} fxg4+ {[%emt 0:1:41]} 29. Kxg4 {[%emt 0:0:22]} Ra7 {[%emt 0:0:0]} 30. Rd6 {[%emt 0:0:22]} Rb7 {[%emt 0:0:2]} 31. Bh4 {[%emt 0:0:10]} Rc4 {[%emt 0:2:40]} 32. Kh5 {[%emt 0:0:25]} Rd4 {[%emt 0:0:16]} 33. Rxd4 {[%emt 0:1:23]
} cxd4 {[%emt 0:0:1]} 34. Rd1 {[%emt 0:0:11]} Rc7 {[%emt 0:0:0]} 35. b4 {[%emt 0:0:5]} Rd7 {[%emt 0:0:27]} 36. Kg4 {[%emt 0:0:2]} Rd5 {[%emt 0:0:9]} 37. Kf3 {[%emt 0:0:16]} Rxb5 {[%emt 0:0:3]} 38. Be1 {[%emt 0:0:9]
} Rh5 {[%emt 0:0:8]} 39. h4 {[%emt 0:0:7]} Rd5 {[%emt 0:0:0]} 40. Ke4 {[%emt 0:0:2]} Kg6 {[%emt 0:0:20]} 41. Rd3 {[%emt 0:0:8]} Kh5 {[%emt 0:0:12]} 42. Ra3 {[%emt 0:0:2]} d3 {[%emt 0:1:17]} 43. Bd2 {[%emt 0:0:0]} Bf6 {[%emt 0:0:11]} 44. Ra6 {[%emt 0:0:2]} Rd4+ {[%emt 0:0:4]} 45. Ke3 {[%emt 0:0:4]} Rd6 {[%emt 0:0:1]} 46. b5 {[%emt 0:0:41]} Bd8 {[%emt 0:0:0]} 47. Ke4 {[%emt 0:0:15]} Bxh4 {[%emt 0:0:19]} 48. Ke5 {[%emt 0:0:14]} Be7 {[%emt 0:0:4]} 49. Ra7 {[%emt 0:0:8]} Bf8 {[%emt 0:0:12]} 50. Ra8 {[%emt 0:0:13]
} Be7 {[%emt 0:0:12]} 51. Re8 {[%emt 0:0:1]} Rd5+ {[%emt 0:0:0]} 52. Kxe6 {[%emt 0:0:3]} Bb4 {[%emt 0:0:11]} 53. Kxd5 {[%emt 0:0:27]} Bxd2 {[%emt 0:0:1]} 54. Ke4 {[%emt 0:0:6]} Bc1 {[%emt 0:0:2]} 55. Kxd3 {[%emt 0:0:24]
} Bxf4 {[%emt 0:0:1]} 56. Re6 {[%emt 0:0:1]} Kg4 {[%emt 0:0:0]} 57. Rxb6 {[%emt 0:0:8]} h5 {[%emt 0:0:1]} 58. Rg6+ {[%emt 0:0:24]} Kf5 {[%emt 0:0:12]} 59. Rg8 {[%emt 0:0:3]} h4 {[%emt 0:0:0]} 60. Ke2 {[%emt 0:0:5]
} Ke4 {[%emt 0:0:15]} 61. b6 {[%emt 0:0:14]} h3 {[%emt 0:0:1]
} 62. Kf1 {[%emt 0:0:1]} Kf3 {[%emt 0:0:11]} 63. Rf8 {[%emt 0:0:9]} h2 {[%emt 0:0:7]
} 64. Rxf4+ {[%emt 0:0:3]} Kg3 {[%emt 0:0:9]} 65. Rh4 {[%emt 0:0:4]
} 1-0

[Event "FIDE World Rapid-ch Open 2018"]
[White "Belyakov, Bogdan"]
[Black "Yudin, Sergei"]
[Site "St. Petersburg"]
[Round "13.52"]
[Annotator "ChessBase"]
[Result "0-1"]
[Date "2018.12.28"]
[WhiteElo "2459"]
[BlackElo "2507"]
[PlyCount "84"]
[TimeControl "900+10"]

1. e4 {[%emt 0:0:0]} d6 {[%emt 0:0:0]} 2. d4 {[%emt 0:0:0]} Nf6 {[%emt 0:0:0]} 3. Nc3 {[%emt 0:0:0]} e5 {[%emt 0:0:0]} 4. Nf3 {[%emt 0:0:2]} Nbd7 {[%emt 0:0:0]} 5. Bc4 {[%emt 0:0:8]} Be7 {[%emt 0:0:0]} 6. 0-0 {[%emt 0:0:8]
} 0-0 {[%emt 0:0:1]} 7. Re1 {[%emt 0:0:4]} c6 {[%emt 0:0:2]
} 8. a4 {[%emt 0:0:2]} h6 {[%emt 0:0:2]} 9. h3 {[%emt 0:0:9]} Re8 {[%emt 0:0:3]
} 10. Bf1 {[%emt 0:0:12]} exd4 {[%emt 0:0:33]} 11. Nxd4 {[%emt 0:0:2]
} Bf8 {[%emt 0:0:1]} 12. f4 {[%emt 0:1:54]} Nc5 {[%emt 0:0:0]} 13. Qf3 {[%emt 0:0:41]} a5 {[%emt 0:1:55]} 14. Kh1 {[%emt 0:0:37]} Qb6 {[%emt 0:1:48]} 15. e5 {[%emt 0:1:28]} Nfd7 {[%emt 0:2:17]} 16. Qg3 {[%emt 0:2:3]
} Kh8 {[%emt 0:5:55]} 17. Nf3 {[%emt 0:1:41]} dxe5 {[%emt 0:0:0]} 18. fxe5 {[%emt 0:0:9]} Nb8 {[%emt 0:0:3]} 19. b3 {[%emt 0:2:45]} Nba6 {[%emt 0:0:24]} 20. Be3 {[%emt 0:0:34]} Qc7 {[%emt 0:0:13]} 21. Qf2 {[%emt 0:0:15]
} b6 {[%emt 0:0:13]} 22. Bc4 {[%emt 0:0:10]} Be6 {[%emt 0:0:0]} 23. Bf1 {[%emt 0:0:24]} Nb4 {[%emt 0:0:12]} 24. Rad1 {[%emt 0:0:31]} Nd5 {[%emt 0:0:33]} 25. Bd4 {[%emt 0:0:38]} Rad8 {[%emt 0:0:53]} 26. Qh4 {[%emt 0:1:6]
} Be7 {[%emt 0:0:13]} 27. Qg3 {[%emt 0:0:25]} Nxc3 {[%emt 0:0:0]} 28. Bxc3 {[%emt 0:0:3]} Ne4 {[%emt 0:0:16]} 29. Rxe4 {[%emt 0:0:38]} Rxd1 {[%emt 0:0:2]} 30. Re1 {[%emt 0:0:5]} Red8 {[%emt 0:0:7]} 31. Bd3 {[%emt 0:0:5]
} R1xd3 {[%emt 0:0:13]} 32. cxd3 {[%emt 0:0:4]} Rxd3 {[%emt 0:0:0]} 33. Bd2 {[%emt 0:0:37]} Qd7 {[%emt 0:0:13]} 34. Qf2 {[%emt 0:0:57]} Bc5 {[%emt 0:0:46]} 35. Be3 {[%emt 0:0:2]} Bb4 {[%emt 0:0:16]} 36. Re2 {[%emt 0:0:21]
} c5 {[%emt 0:0:3]} 37. Qh4 {[%emt 0:0:11]} Kg8 {[%emt 0:0:0]} 38. Kh2 {[%emt 0:0:26]} Qd8 {[%emt 0:0:11]} 39. Bg5 {[%emt 0:0:12]} hxg5 {[%emt 0:0:6]} 40. Nxg5 {[%emt 0:0:1]} Bf5 {[%emt 0:0:3]} 41. Rf2 {[%emt 0:0:10]
} Be1 {[%emt 0:0:21]} 42. Qf4 {[%emt 0:0:14]} Bxf2 {[%emt 0:0:0]} 0-1

[Event "FIDE World Rapid-ch Open 2018"]
[White "Vitiugov, Nikita"]
[Black "Vastrukhin, Oleg"]
[Site "St. Petersburg"]
[Round "13.53"]
[Annotator "ChessBase"]
[Result "1/2-1/2"]
[Date "2018.12.28"]
[WhiteElo "2719"]
[BlackElo "2413"]
[PlyCount "101"]
[TimeControl "900+10"]

1. e4 {[%emt 0:0:1]} e6 {[%emt 0:0:2]} 2. d4 {[%emt 0:0:4]} d5 {[%emt 0:0:0]} 3. e5 {[%emt 0:0:6]} c5 {[%emt 0:0:2]} 4. c3 {[%emt 0:0:2]} Bd7 {[%emt 0:0:2]
} 5. Nf3 {[%emt 0:0:15]} Qb6 {[%emt 0:0:2]} 6. a3 {[%emt 0:0:0]} Nc6 {[%emt 0:0:10]} 7. b4 {[%emt 0:0:8]} c4 {[%emt 0:0:2]} 8. a4 {[%emt 0:0:27]
} f5 {[%emt 0:0:10]} 9. Be2 {[%emt 0:0:33]} Nh6 {[%emt 0:0:32]
} 10. Bxh6 {[%emt 0:0:15]} gxh6 {[%emt 0:0:2]} 11. 0-0 {[%emt 0:0:8]} 0-0-0 {[%emt 0:0:47]} 12. Na3 {[%emt 0:0:29]} Rg8 {[%emt 0:0:6]} 13. Qd2 {[%emt 0:2:45]
} Be8 {[%emt 0:1:24]} 14. Kh1 {[%emt 0:0:27]} Qc7 {[%emt 0:0:0]} 15. Nc2 {[%emt 0:0:27]} Qg7 {[%emt 0:1:7]} 16. Rg1 {[%emt 0:0:5]} Be7 {[%emt 0:0:2]} 17. a5 {[%emt 0:0:22]} a6 {[%emt 0:0:49]} 18. Qe1 {[%emt 0:0:0]} Na7 {[%emt 0:0:9]} 19. Ne3 {[%emt 0:0:13]} Kb8 {[%emt 0:0:33]} 20. g3 {[%emt 0:0:29]} Nb5 {[%emt 0:0:37]} 21. Ng2 {[%emt 0:0:7]} Bh5 {[%emt 0:0:0]} 22. Nf4 {[%emt 0:0:10]} Qf7 {[%emt 0:0:3]} 23. Nd2 {[%emt 0:1:34]} Bxe2 {[%emt 0:1:13]} 24. Nxe2 {[%emt 0:0:2]} f4 {[%emt 0:1:8]} 25. gxf4 {[%emt 0:0:17]
} Rxg1+ {[%emt 0:0:10]} 26. Qxg1 {[%emt 0:0:10]} Rg8 {[%emt 0:0:0]} 27. Qb1 {[%emt 0:1:3]} Bh4 {[%emt 0:1:28]} 28. f5 {[%emt 0:1:13]} Qh5 {[%emt 0:2:3]} 29. Nf4 {[%emt 0:0:21]} Qg5 {[%emt 0:0:20]} 30. Qg1 {[%emt 0:0:3]
} Qd8 {[%emt 0:1:17]} 31. Qf1 {[%emt 0:0:54]} Qg5 {[%emt 0:0:0]} 32. Qg2 {[%emt 0:1:7]} exf5 {[%emt 0:1:27]} 33. Nf3 {[%emt 0:0:27]} Qd8 {[%emt 0:0:26]} 34. Qh3 {[%emt 0:0:16]} Bxf2 {[%emt 0:0:5]} 35. Ne2 {[%emt 0:1:19]
} Rg4 {[%emt 0:0:30]} 36. Rf1 {[%emt 0:0:29]} Be3 {[%emt 0:0:0]} 37. Ng3 {[%emt 0:0:15]} Qc8 {[%emt 0:1:4]} 38. Qh5 {[%emt 0:0:43]} f4 {[%emt 0:0:17]} 39. Nf5 {[%emt 0:0:3]} Rg5 {[%emt 0:0:13]} 40. Nxg5 {[%emt 0:0:6]
} Qxf5 {[%emt 0:0:2]} 41. Qxh6 {[%emt 0:0:13]} f3 {[%emt 0:0:0]} 42. h4 {[%emt 0:1:8]} f2 {[%emt 0:0:5]} 43. Qf6 {[%emt 0:0:11]} Qg4 {[%emt 0:0:21]
} 44. Rxf2 {[%emt 0:0:41]} Qxh4+ {[%emt 0:0:6]} 45. Rh2 {[%emt 0:0:10]
} Qxg5 {[%emt 0:0:18]} 46. Qf8+ {[%emt 0:0:2]} Ka7 {[%emt 0:0:0]} 47. Qc5+ {[%emt 0:0:1]} Kb8 {[%emt 0:0:3]} 48. Qf8+ {[%emt 0:0:2]
} Ka7 {[%emt 0:0:3]} 49. Qc5+ {[%emt 0:0:2]} Kb8 {[%emt 0:0:20]} 50. Qf8+ {[%emt 0:0:1]} Ka7 {[%emt 0:0:4]} 51. Qc5+ {[%emt 0:0:2]} 1/2-1/2